NFL Starting Quarterbacks 2025-2026 Season - Statistics

General Stats
  • This quiz has been taken 962 times
    857 since last reset
  • The average score is 27 of 32
Answer Stats
Team Starting Quarterback % Correct
Bengals Joe Burrow
97%
Bills Josh Allen
96%
Ravens Lamar Jackson
96%
Steelers Aaron Rodgers
95%
Chiefs Patrick Mahomes
95%
Patriots Drake Maye
91%
Eagles Jalen Hurts
91%
Dolphins Tua Tagovailoa
91%
Broncos Bo Nix
90%
49ers Brock Purdy
89%
Lions Jared Goff
89%
Bucaneers Baker Mayfield
88%
Cowboys Dak Prescott
88%
Rams Matthew Stafford
88%
Bears Caleb Williams
87%
Packers Jordan Love
87%
Chargers Justin Herbert
87%
Texans CJ Stroud
86%
Jaguars Trevor Lawrence
86%
Commanders Jayden Daniels
85%
Vikings JJ McCarthy
83%
Jets Justin Fields
82%
Colts Daniel Jones
81%
Raiders Geno Smith
80%
Seahawks Sam Darnold
80%
Browns Joe Flacco
79%
Giants Russell Wilson
79%
Panthers Bryce Young
78%
Titans Cam Ward
78%
Cardinals Kyler Murray
77%
Falcons Kirk Cousins
72%
Saints Spencer rattler
61%
No matching quizzes found
Score Distribution
Percent of People with Each Score
Percentile by Number Answered
Your Score History
You have not taken this quiz since the last reset